Central Library OPAC University of Rajshahi

Coal mine ground control / (Record no. 53176)

MARC details
000 -LEADER
fixed length control field 00740nam a2200253 a 4500
001 - CONTROL NUMBER
control field 53176
003 - CONTROL NUMBER IDENTIFIER
rucl marc code BD-RjUL
005 - DATE AND TIME OF LATEST TRANSACTION
control field 20211209075924.0
008 - FIXED-LENGTH DATA ELEMENTS--GENERAL INFORMATION
fixed length control field 161003s1986 nyua b 001 0 eng
020 ## - INTERNATIONAL STANDARD BOOK NUMBER
International Standard Book Number 0471821713
035 ## - SYSTEM CONTROL NUMBER
System control number (BD-RjUL)53296
040 ## - CATALOGING SOURCE
Original cataloging agency DLC
Transcribing agency DLC
Modifying agency BD-RjUL
Language of cataloging eng
041 ## - LANGUAGE CODE
Language code of text/sound track or separate title eng
082 00 - DEWEY DECIMAL CLASSIFICATION NUMBER
Classification number 622.334
Edition number 23
Author mark and year PEC 1986
100 1# - MAIN ENTRY--PERSONAL NAME
Personal name Peng, Syd S.
Dates associated with a name 1939-
9 (RLIN) 158962
245 10 - TITLE STATEMENT
Title Coal mine ground control /
Statement of responsibility, etc. Syd S. Peng.
250 ## - EDITION STATEMENT
Edition statement 2nd ed.
260 ## - PUBLICATION, DISTRIBUTION, ETC. (IMPRINT)
Place of publication, distribution, etc. New York :
Name of publisher, distributor, etc. John Wiley & Sons,
Date of publication, distribution, etc. c1986.
300 ## - PHYSICAL DESCRIPTION
Pagination xi, 491 p. :
Illustrations ill. ;
Size 24 cm.
504 ## - BIBLIOGRAPHY, ETC. NOTE
Bibliography, etc Includes indexes andBibliography
650 #0 - SUBJECT ADDED ENTRY--TOPICAL TERM
Topical term or geographic name as entry element Ground control (Mining)
9 (RLIN) 158963
Topical term or geographic name as entry element Coal mines and mining
General subdivision Safety measures.
9 (RLIN) 158964
942 ## - ADDED ENTRY ELEMENTS (KOHA)
Source of classification or shelving scheme Dewey Decimal Classification
Koha item type Books
Holdings
Lost status Source of classification or shelving scheme Damaged status Not for loan Collection code Permanent Location Current Location Shelving location Date acquired Total Checkouts Full call number Date last seen Copy number Koha item type Source of acquisition
  Dewey Decimal Classification     Non-fiction Central Library, University of Rajshahi Central Library, University of Rajshahi   01/06/1992   622.334 PEC 1986 03/10/2016 C-2 Books  
  Dewey Decimal Classification   Not For Loan Non-fiction Central Library, University of Rajshahi Central Library, University of Rajshahi Reading Room 30/05/1991   622.334 PEC 1986 21/03/2017 C-1 Books Asia Foundation